000 00389nam a2200145Ia 4500
008 230411s9999 xx 000 0 und d
020 _a978-81-8296-705-2
041 _aeng
082 _aM/613/BAV/B09800
100 _aBaveja C P
_9177549
245 _aTextbook of Microbiology for Nursing
260 _bArya Publications
_aNew Delhi
_c2019
300 _a294p
999 _c158670
_d158670